LEADER 01545nam 2200409 a 450 001 9910701756103321 005 20120424141854.0 035 $a(CKB)5470000002420536 035 $a(OCoLC)788564423 035 $a(EXLCZ)995470000002420536 100 $a20120424d2012 ua 0 101 0 $aeng 135 $aurbn||||||||| 181 $ctxt$2rdacontent 182 $cc$2rdamedia 183 $acr$2rdacarrier 200 10$aNuclear material$b[electronic resource] $enonproliferation : agreement between the United States of America and Poland signed at Warsaw, September 11, 2009 210 1$a[Washington, D.C.] :$cU.S. Dept. of State,$d[2012?] 215 $a1 online resource (12 unnumbered pages) 225 1 $aTreaties and other international acts series ;$v09-911 300 $aTitle from title screen (viewed on Apr. 24, 2012). 517 $aNuclear material 606 $aNuclear fuels$xLaw and legislation$zUnited States 606 $aNuclear fuels$xLaw and legislation$zPoland 606 $aSpent reactor fuels$xTransportation$zPoland 606 $aNuclear nonproliferation$xInternational cooperation 615 0$aNuclear fuels$xLaw and legislation 615 0$aNuclear fuels$xLaw and legislation 615 0$aSpent reactor fuels$xTransportation 615 0$aNuclear nonproliferation$xInternational cooperation. 712 02$aUnited States.$bDepartment of State. 801 0$bGPO 801 1$bGPO 906 $aBOOK 912 $a9910701756103321 996 $aNuclear material$93436243 997 $aUNINA LEADER 01865nas 2200421 n 450 001 990008903610403321 005 20240229084249.0 011 $a0393-7348 035 $a000890361 035 $aFED01000890361 035 $a(Aleph)000890361FED01 035 $a000890361 091 $2CNR$aP 00025238 100 $a20090724b18861937km-y0itaa50------ba 101 0 $aita 102 $aIT 110 $aauu-------- 200 1 $aAnnuario della R. Stazione Enologica Sperimentale di Asti 207 1$a1886-1937 210 $aAsti$cScuola tipografica S. Giuseppe 430 0$12001$aR. stazione enologica sperimentale di Asti 440 0$12001$aAnnuario della Stazione Enologica Sperimentale di Asti 517 0 $aAnnuario. R. Stazione Enologica, Asti 530 0 $aAnnuario della R. Stazione Enologica Sperimentale di Asti 675 $a663.2 675 $a061.6 675 $a058 712 02$aStazione enologica sperimentale di Asti 801 0$aIT$bACNP$c20090723 859 4 $uhttp://acnp.cib.unibo.it/cgi-ser/start/it/cnr/dc-p1.tcl?catno=15753&person=false&language=ITALIANO&libr=&libr_th=unina1$zBiblioteche che possiedono il periodico 901 $aSE 912 $a990008903610403321 958 $aBiblioteca Centralizzata. Facoltà di Agraria dell'Università Federico II di Napoli$b1886-1897;1901-1904;1932-1937.$fFAGBC 959 $aFAGBC 996 $aAnnuario della R. Stazione Enologica Sperimentale di Asti$9800661 997 $aUNINA AP1 8 $6866-01$aNA087 Biblioteca Centralizzata. Facoltà di Agraria dell'Università Federico II di Napoli$ev. Università, 100 Palazzo Reale, 80055 Portici (NA)$m081-2539322$m081-7760229$nit AP2 40$aacnp.cib.unibo.it$nACNP Italian Union Catalogue of Serials$uhttp://acnp.cib.unibo.it/cgi-ser/start/it/cnr/df-p.tcl?catno=15753&language=ITALIANO&libr=&person=&B=1&libr_th=unina&proposto=NO LEADER 01265nam0 22003493i 450 001 UFI0439221 005 20251003044429.0 010 $a0521833787$bhbk 010 $a9780521833783 100 $a20121203d2004 ||||0itac50 ba 101 | $aeng 102 $agb 181 1$6z01$ai $bxxxe 182 1$6z01$an 183 1$6z01$anc$2RDAcarrier 200 1 $aConvex optimization$fStephen Boyd, Lieven Vandenberghe 210 $aCambridge$cCambridge University press$dc2004 215 $aXIII, 716 p.$d25 cm. 606 $aFunzioni convesse$2FIR$3SBLC052645$9E 676 $a519.6$9OTTIMIZZAZIONE MATEMATICA$v14 676 $a519.6$9OTTIMIZZAZIONE MATEMATICA$v22 700 1$aBoyd$b, Stephen P.$3AQ1V004356$4070$0283270 701 1$aVandenberghe$b, Lieven$3MILV263484$4070$0497080 790 1$aBoyd$b, Stephen$c $3NAPV108617$zBoyd, Stephen P. 801 3$aIT$bIT-000000$c20121203 850 $aIT-BN0095 901 $bNAP 01$cSALA DING $n$ 912 $aUFI0439221 950 0$aBiblioteca Centralizzata di Ateneo$b1 v.$c1 v.$d 01SALA DING 519.6 BOY.co$e 0102 0000054845 VMA A4 1 v.$fY $h20040728$i20121203 977 $a 01 996 $aConvex optimization$9754856 997 $aUNISANNIO